| 000 | 00366nam a2200097Ia 4500 | ||
|---|---|---|---|
| 008 | 180130s9999 xx 000 0 und d | ||
| 245 |
_cGarg, Vaibhav; Koster, Thomas; Camp, Linda Jean _aCross-country analysis of spambots |
||
| 260 | _c2016 | ||
| 300 | _aBook title: Handbook of information security--Acession number C20533; pages 59-71 | ||
| 650 | _aINFORMATION SECURITY | ||
| 999 |
_c354091 _d354091 |
||